Zemiaky situačná a výhľadová správa - apríl 2002

Gespeichert in:
Bibliographische Detailangaben
1. Verfasser: Tibenská, Helena
Format: Buch
Sprache:Slowakisch
Englisch
Veröffentlicht: Bratislava Ministerstvo pôdohospodárstva SR 2002
Schlagworte:
Tags: Tag hinzufügen
Keine Tags, Fügen Sie das erste Tag hinzu!

MARC

LEADER 00000nam a2200000 4500
001 c134330
005 20221124093420.8
020 |a 80-8058-253-X 
041 0 |a slo 
041 0 |a eng 
044 |a SK 
245 1 0 |a Zemiaky  |b situačná a výhľadová správa - apríl 2002  |c Helena Tibenská 
264 1 |a Bratislava  |b Ministerstvo pôdohospodárstva SR  |c 2002 
300 |a 14 s. 
610 2 0 |a potravinárstvo 
610 2 0 |a potraviny 
610 2 0 |a poľnohospodárstvo 
610 2 0 |a pôdohospodárstvo 
610 2 0 |a zemiaky 
610 2 0 |a úroda 
610 2 0 |a spotreba 
610 2 0 |a ceny 
610 2 0 |a dovoz 
610 2 0 |a vývoz 
610 2 0 |a prognózy 
610 2 0 |a clá 
610 2 0 |a dotácie 
610 2 0 |a Európska únia 
610 2 0 |a porovnanie medzinárodné 
610 2 0 |a Slovensko 
100 1 |a Tibenská, Helena